[Event "Lienz op 21st"]
[Site "Lienz"]
[Date "2023.02.17"]
[Round "8"]
[White "Hatzl, Johannes"]
[Black "Qalichava, Akaki"]
[Result "0-1"]
[WhiteElo "2047"]
[BlackElo "2162"]
[PlyCount "70"]
[EventDate "2023.02.11"]
[EventType "swiss"]
[EventRounds "9"]
[EventCountry "AUT"]
[SourceTitle "CBM 212 Extra"]
[Source "ChessBase"]
[SourceDate "2023.03.31"]
[SourceVersion "1"]
[SourceVersionDate "2023.03.31"]
[SourceQuality "1"]

1. e4 e5 2. Nf3 Nc6 3. Bc4 Nf6 4. Ng5 d5 5. exd5 Na5 6. Bb5+ c6 7. dxc6 bxc6 8. Be2 h6 9. Nf3 e4 10. Ne5 Bd6 11. d4 0-0 12. h3 c5 13. c3 Qe7 14. Nc4 Nxc4 15. Bxc4 cxd4 16. cxd4 Bd7 17. Nc3 Rac8 18. Qe2 Bb8 19. a3 Rfe8 20. Be3 Qd6 21. g3 Qc7 22. Ba6 Rcd8 23. Qc4 Qb6 24. Na4 Bxa4 25. Qxa4 Nd5 26. Bb5 Re6 27. Bd2 e3 28. Ba5 exf2+ 29. Kxf2 Qd6 30. Qb3 Re3 31. Qxe3 Nxe3 32. Bxd8 Qxg3+ 33. Ke2 Nc2 34. Raf1 Nxd4+ 35. Kd1 Qb3+ 0-1

[Event "AUT-ch Zwisch Internet"]
[Site "Playchess.com INT"]
[Date "2020.05.02"]
[Round "13"]
[White "Hatzl, Johannes"]
[Black "Doskocil, Klaus"]
[Result "1/2-1/2"]
[WhiteElo "2131"]
[BlackElo "2157"]
[PlyCount "128"]
[EventDate "2020.05.02"]
[EventType "swiss (blitz)"]
[EventRounds "13"]
[EventCountry "AUT"]
[SourceTitle "CBM 195 Extra"]
[Source "ChessBase"]
[SourceDate "2020.05.31"]
[SourceVersion "1"]
[SourceVersionDate "2020.05.31"]
[SourceQuality "1"]

1. d4 Nf6 2. Bf4 g6 3. Nc3 d5 4. Qd2 c6 5. f3 b5 6. 0-0-0 Qa5 7. e4 b4 8. Nb1 Qxa2 9. Qxb4 e6 10. Qc3 a5 11. exd5 Nxd5 12. Qd2 h5 13. Be5 Bh6 14. f4 0-0 15. g3 Nd7 16. Bd3 Nxe5 17. dxe5 Ba6 18. Nf3 Rab8 19. b3 Bxd3 20. Qxd3 Nb4 21. Qc3 Rfc8 22. Rd7 a4 23. Qb2 Qxb2+ 24. Kxb2 axb3 25. cxb3 Nd5 26. Ng5 Bxg5 27. fxg5 Ne3 28. Re1 Nf5 29. Red1 c5 30. Na3 c4 31. Nxc4 Kg7 32. Kc3 Ra8 33. Kb2 Rab8 34. Kc3 Ra8 35. Rb7 Ra2 36. Rdd7 Rf8 37. Rd2 Ra1 38. Nd6 Rh1 39. Nxf5+ gxf5 40. b4 Re1 41. b5 Rxe5 42. Rdd7 Rc5+ 43. Kb4 Rc2 44. Re7 Rxh2 45. Rxe6 Rg2 46. Rf6 Rxg3 47. Rxf5 h4 48. Rf4 h3 49. Rh4 Rf3 50. Rc7 Rg3 51. Rc5 Rb8 52. Rf5 Kg6 53. Rc5 Rxg5 54. Rxg5+ Kxg5 55. Rxh3 f5 56. Kc5 Kg4 57. Rh7 f4 58. Rg7+ Kh3 59. Rf7 Kg3 60. b6 f3 61. Kc6 f2 62. Kc7 Rxb6 63. Kxb6 Kg2 64. Rxf2+ Kxf2 1/2-1/2

[Event "AUT-ch Zwisch Internet"]
[Site "Playchess.com INT"]
[Date "2020.05.02"]
[Round "11"]
[White "Hatzl, Johannes"]
[Black "Meglitsch, Konstantin"]
[Result "1-0"]
[WhiteElo "2131"]
[BlackElo "2041"]
[PlyCount "61"]
[EventDate "2020.05.02"]
[EventType "swiss (blitz)"]
[EventRounds "13"]
[EventCountry "AUT"]
[SourceTitle "CBM 195 Extra"]
[Source "ChessBase"]
[SourceDate "2020.05.31"]
[SourceVersion "1"]
[SourceVersionDate "2020.05.31"]
[SourceQuality "1"]

1. d4 Nf6 2. Bf4 g6 3. Nc3 d6 4. e4 Bg7 5. Qd2 Nbd7 6. 0-0-0 0-0 7. f3 e5 8. dxe5 dxe5 9. Bh6 c6 10. h4 b5 11. h5 b4 12. Nce2 Qa5 13. Kb1 Nc5 14. g4 Be6 15. Nc1 Rad8 16. Bd3 Nxd3 17. cxd3 Bxh6 18. Qxh6 b3 19. a3 Qc5 20. Rh2 Rd7 21. Qg5 Qe7 22. Qxe5 Re8 23. Qc3 c5 24. Nge2 Red8 25. Nf4 c4 26. g5 Nxe4 27. fxe4 Bg4 28. hxg6 fxg6 29. Qxc4+ Kh8 30. Rdh1 Bf3 31. Nxg6+ 1-0

[Event "AUT-ch Zwisch Internet"]
[Site "Playchess.com INT"]
[Date "2020.05.02"]
[Round "9"]
[White "Neuschmied, Siegfried"]
[Black "Hatzl, Johannes"]
[Result "1-0"]
[WhiteElo "2268"]
[BlackElo "2131"]
[PlyCount "65"]
[EventDate "2020.05.02"]
[EventType "swiss (blitz)"]
[EventRounds "13"]
[EventCountry "AUT"]
[SourceTitle "CBM 195 Extra"]
[Source "ChessBase"]
[SourceDate "2020.05.31"]
[SourceVersion "1"]
[SourceVersionDate "2020.05.31"]
[SourceQuality "1"]

1. e4 e5 2. Nf3 Nc6 3. Bb5 Nf6 4. d3 Bc5 5. 0-0 d6 6. c3 0-0 7. h3 a6 8. Ba4 b5 9. Bc2 Re8 10. Re1 Bb6 11. a4 Bb7 12. Nbd2 d5 13. exd5 Nxd5 14. axb5 axb5 15. Rxa8 Bxa8 16. Ne4 h6 17. Ng3 Qf6 18. Ne4 Qd8 19. Qe2 f5 20. Ng3 Qf6 21. d4 e4 22. Qxb5 Nce7 23. Qxe8+ Kh7 24. Ne5 Bb7 25. Nxe4 fxe4 26. Bxe4+ Nf5 27. g4 Nf4 28. Bxf5+ g6 29. Nxg6 Nxh3+ 30. Kf1 Ba6+ 31. Kg2 Bb7+ 32. Kxh3 h5 33. Re7+ 1-0

[Event "AUT-ch Zwisch Internet"]
[Site "Playchess.com INT"]
[Date "2020.05.02"]
[Round "10"]
[White "Pirker, Christian"]
[Black "Hatzl, Johannes"]
[Result "1-0"]
[WhiteElo "2167"]
[BlackElo "2131"]
[PlyCount "137"]
[EventDate "2020.05.02"]
[EventType "swiss (blitz)"]
[EventRounds "13"]
[EventCountry "AUT"]
[SourceTitle "CBM 195 Extra"]
[Source "ChessBase"]
[SourceDate "2020.05.31"]
[SourceVersion "1"]
[SourceVersionDate "2020.05.31"]
[SourceQuality "1"]

1. e4 e5 2. d3 c6 3. Nf3 d6 4. Be2 f5 5. 0-0 Nf6 6. Nc3 Be7 7. Bg5 0-0 8. Qd2 Qe8 9. Rae1 h6 10. Bxf6 Bxf6 11. d4 f4 12. dxe5 dxe5 13. Bc4+ Kh7 14. Rd1 Bg4 15. Be2 Qg6 16. Kh1 Nd7 17. Ne1 Rad8 18. Bxg4 Qxg4 19. f3 Qh5 20. Nd3 Bh4 21. Nf2 Nc5 22. Qe2 Ne6 23. Rd3 Bg3 24. Nh3 Bh4 25. Rfd1 Nd4 26. Qd2 Bf6 27. Qf2 Rf7 28. Nb1 Bh4 29. Qf1 Rff8 30. Na3 b5 31. c3 Ne6 32. Rxd8 Rxd8 33. Rxd8 Bxd8 34. Nf2 Qf7 35. Ng4 Bc7 36. Nc2 h5 37. Nf2 Qd7 38. Qd3 Qxd3 39. Nxd3 g5 40. Ncb4 Nd8 41. Kg1 a5 42. Na6 Bd6 43. Nac5 Kg6 44. Kf1 Kf6 45. h3 Ne6 46. Nxe6 Kxe6 47. Ke2 c5 48. b3 c4 49. bxc4 bxc4 50. Nb2 g4 51. hxg4 hxg4 52. fxg4 Bc7 53. Nxc4 Kf6 54. a4 Kg5 55. Kf3 Kf6 56. g3 fxg3 57. Kxg3 Kg5 58. Ne3 Bb6 59. Nf5 Bc5 60. Kf3 Ba3 61. Ne3 Bc5 62. Nc4 Be7 63. Nxe5 Kf6 64. Nc6 Bc5 65. Nxa5 Ke5 66. Nc4+ Ke6 67. g5 Kf7 68. Kg4 Kg6 69. a5 1-0

[Event "AUT-ch Zwisch Internet"]
[Site "Playchess.com INT"]
[Date "2020.05.02"]
[Round "4"]
[White "Wagner, Leopold Franziskus"]
[Black "Hatzl, Johannes"]
[Result "1/2-1/2"]
[WhiteElo "2168"]
[BlackElo "2131"]
[PlyCount "106"]
[EventDate "2020.05.02"]
[EventType "swiss (blitz)"]
[EventRounds "13"]
[EventCountry "AUT"]
[SourceTitle "CBM 195 Extra"]
[Source "ChessBase"]
[SourceDate "2020.05.31"]
[SourceVersion "1"]
[SourceVersionDate "2020.05.31"]
[SourceQuality "1"]

1. e4 e5 2. Nf3 Nc6 3. Bb5 Nf6 4. 0-0 Nxe4 5. d4 Nd6 6. Bxc6 dxc6 7. dxe5 Nf5 8. Qxd8+ Kxd8 9. Nc3 Be7 10. Bf4 Be6 11. Rfd1+ Ke8 12. g4 Nh4 13. Nxh4 Bxh4 14. h3 Rd8 15. Ne4 b6 16. b3 h5 17. f3 hxg4 18. hxg4 Ke7 19. Kg2 Rxd1 20. Rxd1 f6 21. exf6+ gxf6 22. Bxc7 Bg5 23. Bd6+ Kf7 24. Ng3 b5 25. Re1 Rd8 26. Bb4 Rd7 27. Re2 Rd1 28. Ne4 Bf4 29. Bd2 Be5 30. Re1 Rxe1 31. Bxe1 f5 32. Ng5+ Kf6 33. Bh4 fxg4 34. Nxe6+ Kxe6 35. fxg4 c5 36. Kf3 a5 37. g5 c4 38. Ke4 cxb3 39. cxb3 a4 40. Bf2 axb3 41. axb3 Bc3 42. Bd4 Bd2 43. g6 Bh6 44. g7 Kf7 45. Kd5 Bd2 46. Kc5 b4 47. Kc4 Be1 48. Kd3 Kg8 49. Ke4 Kf7 50. Kf5 Bc3 51. Ke4 Be1 52. Kf5 Bc3 53. Ke4 Be1 1/2-1/2

[Event "AUT-ch Vor4 Internet"]
[Site "Playchess.com INT"]
[Date "2020.04.25"]
[Round "2"]
[White "Hatzl, Johannes"]
[Black "Koglbauer, Uwe"]
[Result "1-0"]
[WhiteElo "2131"]
[BlackElo "1666"]
[PlyCount "79"]
[EventDate "2020.04.25"]
[EventType "swiss (blitz)"]
[EventRounds "9"]
[EventCountry "AUT"]
[SourceTitle "EXT 2021"]
[Source "ChessBase"]
[SourceDate "2020.10.23"]
[SourceVersion "1"]
[SourceVersionDate "2020.10.23"]
[SourceQuality "1"]

1. d4 Nf6 2. Bf4 d5 3. e3 c6 4. Bd3 Bg4 5. Nf3 Nbd7 6. h3 Bh5 7. Nbd2 Bg6 8. Nb3 e6 9. 0-0 Nb6 10. c3 Ne4 11. Ne5 Bd6 12. Nxg6 hxg6 13. Bxe4 Bxf4 14. Bxg6 Bc7 15. Bd3 Qd6 16. f4 0-0-0 17. Nc5 Kb8 18. a4 g5 19. Qf3 Rdg8 20. a5 Nc8 21. a6 b6 22. Nb7 Qe7 23. c4 gxf4 24. exf4 Nd6 25. c5 Nf5 26. Bxf5 exf5 27. Rae1 Qh4 28. Qf2 Qxh3 29. Qf3 Rg3 30. Kf2 Rxf3+ 31. gxf3 bxc5 32. Nxc5 Bxf4 33. Ke2 Qg2+ 34. Rf2 Qg7 35. Kd3 Rh3 36. Re8+ Kc7 37. Re7+ Kd6 38. Rfe2 Rxf3+ 39. Kc2 Rf1 40. Nb7# 1-0

[Event "AUT-ch Vor3 Internet"]
[Site "Playchess.com INT"]
[Date "2020.04.17"]
[Round "2"]
[White "Stolzlechner, Andreas"]
[Black "Hatzl, Johannes"]
[Result "1-0"]
[WhiteElo "1883"]
[BlackElo "2131"]
[PlyCount "139"]
[EventDate "2020.04.17"]
[EventType "swiss (blitz)"]
[EventRounds "9"]
[EventCountry "AUT"]
[SourceTitle "CBM 195 Extra"]
[Source "ChessBase"]
[SourceDate "2020.05.31"]
[SourceVersion "1"]
[SourceVersionDate "2020.05.31"]
[SourceQuality "1"]

1. e4 e5 2. Nf3 Nc6 3. Bc4 Bc5 4. c3 Nf6 5. d3 a6 6. Bb3 Ba7 7. 0-0 0-0 8. Re1 h6 9. h3 d6 10. Nbd2 Be6 11. Bc2 Ne7 12. Nf1 Ng6 13. Ng3 Qd7 14. d4 c6 15. Be3 Qc7 16. Qd2 Rad8 17. Nf5 Bxf5 18. exf5 Ne7 19. Bxh6 gxh6 20. Qxh6 Ned5 21. c4 Nb4 22. Bb1 Rfe8 23. Qxf6 Qe7 24. Qh6 Qf8 25. Qxf8+ Kxf8 26. a3 exd4 27. axb4 c5 28. b5 Rxe1+ 29. Nxe1 Re8 30. Kf1 Re5 31. bxa6 bxa6 32. Rxa6 Bb8 33. Ra8 Re8 34. f6 Kg8 35. Nc2 Kf8 36. Na3 Bc7 37. Rxe8+ Kxe8 38. Nb5 Ba5 39. Nxd6+ Kd7 40. Nb5 Ke6 41. Ke2 Kxf6 42. g4 Ke5 43. Kf3 Bd8 44. Bd3 Bg5 45. b3 Bd2 46. Nc7 Bg5 47. Nd5 Bc1 48. Kg3 Bd2 49. f4+ Kd6 50. Kf3 Ke6 51. Ke4 Kd6 52. Kf5 Kd7 53. Kf6 Ke8 54. h4 Kf8 55. h5 Kg8 56. Ke7 Bc1 57. Kd6 Ba3 58. h6 Kh8 59. h7 Bc1 60. Kxc5 Bb2 61. b4 Ba3 62. Kc6 Kg7 63. b5 f5 64. Bxf5 Kh8 65. b6 d3 66. Bxd3 Bf8 67. b7 Kg7 68. b8Q Bd6 69. Qg8+ Kh6 70. Qg6# 1-0

[Event "AUT-ch Vor2 Internet"]
[Site "Playchess.com INT"]
[Date "2020.04.13"]
[Round "6"]
[White "Hatzl, Johannes"]
[Black "Huber, Guenter"]
[Result "1-0"]
[WhiteElo "2131"]
[BlackElo "1979"]
[PlyCount "83"]
[EventDate "2020.04.13"]
[EventType "swiss (blitz)"]
[EventRounds "9"]
[EventCountry "AUT"]
[SourceTitle "CBM 195 Extra"]
[Source "ChessBase"]
[SourceDate "2020.05.31"]
[SourceVersion "1"]
[SourceVersionDate "2020.05.31"]
[SourceQuality "1"]

1. d4 e6 2. Bf4 b6 3. e4 Bb7 4. Nc3 Bb4 5. f3 Nh6 6. Qd2 Nc6 7. a3 Bxc3 8. bxc3 0-0 9. Bxh6 Qh4+ 10. g3 Qxh6 11. Qxh6 gxh6 12. Bd3 Kg7 13. Ne2 f5 14. 0-0 fxe4 15. fxe4 Ne7 16. Nf4 Rae8 17. c4 e5 18. dxe5 Nc6 19. Nd5 Nxe5 20. Nxc7 Nf3+ 21. Kg2 Ng5 22. Nxe8+ Rxe8 23. Rae1 Ne6 24. Kg1 Nd4 25. Rf4 Re7 26. h4 Ne6 27. Rf2 Nd4 28. Kh2 a6 29. Ref1 b5 30. cxb5 axb5 31. Re1 d5 32. e5 Nc6 33. Rfe2 Nd4 34. Re3 Bc8 35. Rf1 Bg4 36. Rf4 Rxe5 37. Rxe5 Nf3+ 38. Rxf3 Bxf3 39. Re7+ Kf6 40. Rxh7 Ke5 41. Rxh6 Kd4 42. Kg1 1-0

[Event "Steyr Landesliga 1819"]
[Site "Austria"]
[Date "2019.03.23"]
[Round "10.6"]
[White "Horvath, Reka"]
[Black "Hatzl, Johannes"]
[Result "0-1"]
[WhiteElo "2015"]
[BlackElo "2074"]
[PlyCount "98"]
[EventDate "2018.10.06"]
[EventType "team-tourn"]
[EventRounds "11"]
[EventCountry "AUT"]
[SourceTitle "CBM 189 Extra"]
[Source "ChessBase"]
[SourceDate "2019.06.03"]
[SourceVersion "1"]
[SourceVersionDate "2019.06.03"]
[SourceQuality "1"]
[WhiteTeam "Feldbach Kirchberg"]
[BlackTeam "Fuerstenfeld/Hartberg"]
[WhiteTeamCountry "AUT"]
[BlackTeamCountry "AUT"]

1. e4 c6 2. c4 e5 3. Nf3 d6 4. d4 Nd7 5. b3 Ngf6 6. Bb2 Nxe4 7. Bd3 Ng5 8. 0-0 Nxf3+ 9. Qxf3 Be7 10. Re1 0-0 11. Qh5 g6 12. Qe2 Bf6 13. Nd2 exd4 14. Ne4 c5 15. Nxd6 Qc7 16. Ne8 Qd8 17. Nd6 Be5 18. Ne4 Qc7 19. h4 Bg7 20. Ng5 Ne5 21. Rad1 Bg4 22. f3 Nxd3 23. Qxd3 Bf5 24. Qf1 Qf4 25. Ne4 b6 26. Bc1 Qc7 27. h5 Rfe8 28. h6 Bh8 29. Ng5 Bf6 30. Qf2 Rad8 31. Qh4 Qc6 32. Qg3 Qd7 33. Bf4 Rxe1+ 34. Rxe1 Re8 35. Be5 Qe7 36. f4 d3 37. Nf3 Rd8 38. Qf2 Bg4 39. Qb2 Bxf3 40. gxf3 Bh4 41. Rd1 f6 42. Bc3 Qe3+ 43. Kg2 Qxf4 44. Rd2 Qg3+ 45. Kh1 Qxf3+ 46. Kg1 Bg5 47. Rg2 Be3+ 48. Kh1 Qh3+ 49. Rh2 Qf1# 0-1

[Event "Steyr Landesliga 1819"]
[Site "Austria"]
[Date "2019.03.09"]
[Round "9.6"]
[White "Hatzl, Johannes"]
[Black "Guede, Werner"]
[Result "1-0"]
[WhiteElo "2074"]
[BlackElo "2094"]
[PlyCount "49"]
[EventDate "2018.10.06"]
[EventType "team-tourn"]
[EventRounds "11"]
[EventCountry "AUT"]
[SourceTitle "CBM 189 Extra"]
[Source "ChessBase"]
[SourceDate "2019.06.03"]
[SourceVersion "1"]
[SourceVersionDate "2019.06.03"]
[SourceQuality "1"]
[WhiteTeam "Fuerstenfeld/Hartberg"]
[BlackTeam "Graz Schachgesellschaft"]
[WhiteTeamCountry "AUT"]
[BlackTeamCountry "AUT"]

1. e4 g6 2. d4 Bg7 3. Nc3 d6 4. f4 c5 5. dxc5 dxc5 6. Qxd8+ Kxd8 7. Be3 b6 8. 0-0-0+ Kc7 9. Nb5+ Kb7 10. Nf3 a6 11. Na3 Nf6 12. e5 Ng4 13. Bg1 Bd7 14. Nc4 Bc6 15. Ng5 Nh6 16. b4 cxb4 17. Nxb6 Ra7 18. Nc4 Ra8 19. Nb6 Ra7 20. Nc4 Ra8 21. Na5+ Kc7 22. Bc5 Nf5 23. Nxf7 Rf8 24. Ng5 Nd7 25. Ne6+ 1-0

[Event "Steyr Landesliga 1819"]
[Site "Austria"]
[Date "2019.02.09"]
[Round "8.5"]
[White "Hatzl, Johannes"]
[Black "Vilits, Andreas"]
[Result "1-0"]
[WhiteElo "2074"]
[BlackElo "2100"]
[PlyCount "63"]
[EventDate "2018.10.06"]
[EventType "team-tourn"]
[EventRounds "11"]
[EventCountry "AUT"]
[SourceTitle "CBM 189 Extra"]
[Source "ChessBase"]
[SourceDate "2019.06.03"]
[SourceVersion "1"]
[SourceVersionDate "2019.06.03"]
[SourceQuality "1"]
[WhiteTeam "Fuerstenfeld/Hartberg"]
[BlackTeam "Graz Schachfreunde"]
[WhiteTeamCountry "AUT"]
[BlackTeamCountry "AUT"]

1. d4 Nf6 2. Bf4 g6 3. Nc3 d5 4. Qd2 Bg7 5. 0-0-0 c6 6. f3 0-0 7. Bh6 Nbd7 8. h4 e5 9. Bxg7 Kxg7 10. h5 Nxh5 11. dxe5 Nxe5 12. g4 Nxg4 13. fxg4 Bxg4 14. Qd4+ Nf6 15. Bh3 Bxh3 16. Nxh3 Qb6 17. Qh4 Qe3+ 18. Kb1 Rae8 19. Rdf1 Qe5 20. Nf4 h5 21. Rhg1 d4 22. Nd1 Rh8 23. Nd3 Qd6 24. Rf4 Ng4 25. Rgf1 f5 26. Qg5 Kh7 27. N1f2 Ne3 28. Rg1 Reg8 29. Rh4 Rf8 30. Nf4 Ng4 31. Nxg4 fxg4 32. Nxh5 1-0

[Event "Steyr Landesliga 1819"]
[Site "Austria"]
[Date "2019.01.26"]
[Round "7.3"]
[White "Dobay, Klaus"]
[Black "Hatzl, Johannes"]
[Result "0-1"]
[WhiteElo "2068"]
[BlackElo "2074"]
[PlyCount "68"]
[EventDate "2018.10.06"]
[EventType "team-tourn"]
[EventRounds "11"]
[EventCountry "AUT"]
[SourceTitle "CBM 189 Extra"]
[Source "ChessBase"]
[SourceDate "2019.06.03"]
[SourceVersion "1"]
[SourceVersionDate "2019.06.03"]
[SourceQuality "1"]
[WhiteTeam "Gratwein Strassengel"]
[BlackTeam "Fuerstenfeld/Hartberg"]
[WhiteTeamCountry "AUT"]
[BlackTeamCountry "AUT"]

1. d4 d5 2. Nf3 e6 3. c4 c6 4. Nc3 dxc4 5. a4 Bb4 6. e3 b5 7. Bd2 a5 8. axb5 Bxc3 9. Bxc3 cxb5 10. b3 Bb7 11. bxc4 b4 12. Bb2 Nf6 13. Bd3 Nbd7 14. 0-0 0-0 15. Qc2 Qc7 16. Nd2 Ng4 17. g3 f5 18. d5 Nc5 19. h3 Nxe3 20. fxe3 Qxg3+ 21. Kh1 Qxh3+ 22. Kg1 Qxe3+ 23. Kh2 Qxd3 24. Qd1 Ne4 25. Nxe4 Qxe4 26. Qd2 Qh4+ 27. Kg1 Qg3+ 28. Kh1 exd5 29. cxd5 Rfd8 30. Rad1 Bxd5+ 31. Qxd5+ Rxd5 32. Rxd5 Qh3+ 33. Kg1 Qg4+ 34. Kf2 Re8 0-1

[Event "Steyr Landesliga 1819"]
[Site "Austria"]
[Date "2018.11.17"]
[Round "5.5"]
[White "Riedner, Martin"]
[Black "Hatzl, Johannes"]
[Result "1/2-1/2"]
[WhiteElo "2090"]
[BlackElo "2074"]
[PlyCount "64"]
[EventDate "2018.10.06"]
[EventType "team-tourn"]
[EventRounds "11"]
[EventCountry "AUT"]
[SourceTitle "CBM 189 Extra"]
[Source "ChessBase"]
[SourceDate "2019.06.03"]
[SourceVersion "1"]
[SourceVersionDate "2019.06.03"]
[SourceQuality "1"]
[WhiteTeam "Gamlitz"]
[BlackTeam "Fuerstenfeld/Hartberg"]
[WhiteTeamCountry "AUT"]
[BlackTeamCountry "AUT"]

1. e4 e5 2. f4 d5 3. exd5 e4 4. d3 Qxd5 5. Nc3 Bb4 6. Bd2 Bxc3 7. Bxc3 Nf6 8. Bxf6 gxf6 9. dxe4 Qxe4+ 10. Qe2 Qxe2+ 11. Bxe2 Be6 12. Bf3 Nd7 13. Ne2 0-0-0 14. 0-0-0 Nb6 15. Nc3 f5 16. b3 c6 17. Rhe1 Rxd1+ 18. Rxd1 Rd8 19. Rxd8+ Kxd8 20. Kd2 Ke7 21. Kd3 Kd6 22. Kd4 a6 23. g3 c5+ 24. Kd3 Nd5 25. Nxd5 Bxd5 26. Bxd5 Kxd5 27. c4+ Ke6 28. Ke3 h5 29. Kd2 Kd6 30. Kd3 Ke6 31. Ke3 Kf6 32. Kf3 Kg6 1/2-1/2

[Event "Steyr Landesliga 1819"]
[Site "Austria"]
[Date "2018.10.06"]
[Round "1.4"]
[White "Hatzl, Johannes"]
[Black "Mussnig, Manfred"]
[Result "1-0"]
[WhiteElo "2074"]
[BlackElo "2187"]
[PlyCount "89"]
[EventDate "2018.10.06"]
[EventType "team-tourn"]
[EventRounds "11"]
[EventCountry "AUT"]
[SourceTitle "CBM 187 Extra"]
[Source "ChessBase"]
[SourceDate "2018.11.04"]
[SourceVersion "1"]
[SourceVersionDate "2018.11.04"]
[SourceQuality "1"]
[WhiteTeam "Fuerstenfeld/Hartberg"]
[BlackTeam "Leoben"]
[WhiteTeamCountry "AUT"]
[BlackTeamCountry "AUT"]

1. e4 c5 2. c3 d5 3. exd5 Qxd5 4. d4 cxd4 5. cxd4 Nc6 6. Nf3 Bg4 7. Nc3 Bxf3 8. gxf3 Qxd4 9. Qxd4 Nxd4 10. Nb5 Nc2+ 11. Kd1 Rc8 12. Nxa7 Rc5 13. Be3 Nxe3+ 14. fxe3 e6 15. Bb5+ Kd8 16. Ke2 Nf6 17. Rhd1+ Kc7 18. Bd3 Be7 19. Nb5+ Kb8 20. Rac1 Rhc8 21. Rxc5 Rxc5 22. Kf2 Nd5 23. a3 Bh4+ 24. Ke2 Bg5 25. b4 Rxb5 26. Bxb5 Nc3+ 27. Kd2 Nxb5 28. Kd3 Nxa3 29. Ra1 Bxe3 30. Rxa3 Bf4 31. h3 Kc7 32. Ra8 Be5 33. Kc4 f5 34. Rf8 Bf6 35. Kb5 e5 36. Rf7+ Kd6 37. Rxb7 e4 38. fxe4 fxe4 39. Kc4 Ke5 40. b5 Kf4 41. Rb8 Kg3 42. Re8 Kxh3 43. b6 Bh4 44. Rxe4 Bf2 45. b7 1-0

[Event "Steyr Landesliga 1718"]
[Site "Austria"]
[Date "2018.03.10"]
[Round "9.7"]
[White "Hatzl, Johannes"]
[Black "Zuchart, Manfred"]
[Result "1-0"]
[WhiteElo "2051"]
[BlackElo "1873"]
[PlyCount "107"]
[EventDate "2017.09.30"]
[EventType "team-tourn"]
[EventRounds "11"]
[EventCountry "AUT"]
[SourceTitle "EXT 2019"]
[Source "ChessBase"]
[SourceDate "2018.10.10"]
[SourceVersion "1"]
[SourceVersionDate "2018.10.10"]
[SourceQuality "1"]
[WhiteTeam "Fuerstenfeld/Hartberg II"]
[BlackTeam "Graz Schachgesellschaft"]
[WhiteTeamCountry "AUT"]
[BlackTeamCountry "AUT"]

1. e4 d5 2. exd5 Nf6 3. Bb5+ Bd7 4. Bc4 Bg4 5. f3 Bf5 6. Nc3 Nbd7 7. g4 Nb6 8. b3 Bc8 9. Bb2 Nbxd5 10. Nxd5 Nxd5 11. Qe2 Nb6 12. Bd3 Bd7 13. 0-0-0 Bc6 14. Nh3 e6 15. Rhf1 Qh4 16. Nf4 0-0-0 17. Nh5 Qe7 18. Nxg7 Bxg7 19. Bxg7 Qa3+ 20. Kb1 Nd5 21. Bb2 Qa5 22. Be4 Rhe8 23. Bxh7 Bb5 24. c4 Ba6 25. Rh1 Ne7 26. Bc2 b5 27. d3 bxc4 28. dxc4 Nd5 29. Qe4 Nb6 30. Qe5 Qb4 31. Bc3 Nxc4 32. Rxd8+ Rxd8 33. Qxc7+ Kxc7 34. Bxb4 Nb6 35. h4 Bb7 36. Rf1 Kc8 37. Ba5 Rd4 38. Bxb6 axb6 39. h5 Rd2 40. h6 Rh2 41. h7 Kc7 42. f4 Bd5 43. Rf2 Rh1+ 44. Kb2 Kd6 45. Re2 Rh3 46. Re5 f5 47. gxf5 Rxh7 48. fxe6 Re7 49. Bf5 Rg7 50. Re2 Ke7 51. Bd3 Rg4 52. f5 Rg5 53. Rh2 Rg3 54. Bc2 1-0

[Event "EU-ch rapid"]
[Site "Katowice"]
[Date "2017.12.16"]
[Round "3"]
[White "Wiewiora, Eneasz"]
[Black "Hatzl, Johannes"]
[Result "1-0"]
[WhiteElo "2320"]
[BlackElo "2063"]
[PlyCount "103"]
[EventDate "2017.12.16"]
[EventType "swiss (rapid)"]
[EventRounds "11"]
[EventCountry "POL"]
[SourceTitle "CBM 182 Extra"]
[Source "ChessBase"]
[SourceDate "2018.02.23"]
[SourceVersion "1"]
[SourceVersionDate "2018.02.23"]
[SourceQuality "1"]

1. e4 d5 2. exd5 Qxd5 3. Nc3 Qd6 4. d4 Nf6 5. Nb5 Qd8 6. Bf4 Nd5 7. Bg3 c6 8. Na3 Be6 9. c3 g6 10. Nf3 Bg7 11. Be2 0-0 12. 0-0 h6 13. Re1 Nd7 14. Bd3 Bg4 15. h3 Bh5 16. Bh2 Bxf3 17. Qxf3 a6 18. Rad1 e6 19. Nc4 Qf6 20. Qxf6 Bxf6 21. Nd6 b5 22. Bg3 Rfd8 23. Be2 N7b6 24. Nb7 Re8 25. Bf3 Be7 26. Na5 Rac8 27. Nb7 Kg7 28. Kf1 Na4 29. Rd2 Ra8 30. Na5 Rac8 31. Rde2 Bg5 32. Nxc6 Rxc6 33. Bxd5 Rcc8 34. Bb7 Rcd8 35. Bxa6 Ra8 36. Bxb5 Rec8 37. a3 Ra5 38. Bd7 Rca8 39. Bxa4 Rxa4 40. Re5 Bf6 41. Rb5 Rc8 42. Rb7 Kf8 43. Bd6+ Kg8 44. Be5 Bg5 45. Re2 Ra6 46. g3 h5 47. h4 Bh6 48. Kg2 Raa8 49. Bf6 Bf8 50. Re5 Bh6 51. Reb5 Re8 52. Be5 1-0